000
00501nam a2200181Ia 4500
008
090124s9999 xx 000 0 und d
082
_b
40216
100
_a
टिळक ज. श्री.
245
_a
शिकार
250
_a
2
260
_b
केसरी प्रकाशन पुणे
300
_a
170
600
_a
टिळक ज. श्री.
630
_a
शिकार
700
_a
टिळक ज. श्री.
730
_a
शिकार
942
_c
BOOK
999
_c
105484
_d
105484